Cyberpunk 2077 Sub-District Quiz - Statistics

General Stats
  • This quiz has been taken 98 times
  • The average score is 7 of 17
Answer Stats
District Sub-district % Correct
Japantown
79%
Kabuki
68%
City Center Corpo Plaza
65%
Dogtown
63%
Little China
52%
Heywood The Glen
50%
Santo Domingo Arroyo
42%
Northside
42%
Watson Arasaka Waterfront
35%
Downtown
35%
Rancho Coronado
29%
Vista Del Rey
27%
North Oak
23%
Westbrook Charter Hill
21%
Pacifica Coastview
19%
Wellsprings
19%
West Wind Estate
18%
No matching quizzes found
Score Distribution
Percent of People with Each Score
Percentile by Number Answered
Your Score History
You have not taken this quiz